000 00683nam a2200289Ia 4500
001 Z_3618
003 CHAP
008 220113s199X xx 000 0 und d
010 _a166700
040 _cCHAP
090 _aFolleto 412
100 _aAVIMSA
_9140818
245 _aAlimentos balanceados /
_cpor AVIMSA
260 _aSan Nicolás , N. L. :
_bAVIMSA,
_c199X
300 _a21 p. ; ilus.
440 _a
500 _a
503 _a
650 _aAlimentos y alimentación del ganado
_94326
650 _aAves de corral
_xAlimentación I. t.
_9137303
901 _aFolleto 412
902 _aA
910 _a199X
942 _cc14
942 _cc14
999 _c166700
_d166700